[Event "Oberliga Bayern 9697"]
[Site "Bayern"]
[Date "1996.??.??"]
[Round "?"]
[White "Geisler, Fabian"]
[Black "Bredl, Harald"]
[Result "1/2-1/2"]
[WhiteElo "2310"]
[BlackElo "2280"]
[PlyCount "134"]
[EventDate "1996.10.13"]
[EventType "team-tourn"]
[EventRounds "9"]
[EventCountry "GER"]
[SourceTitle "EXT 2020"]
[Source "ChessBase"]
[SourceDate "2019.10.17"]
[SourceVersion "1"]
[SourceVersionDate "2019.10.17"]
[SourceQuality "1"]
[WhiteTeam "Pang/Rosenheim"]
[BlackTeam "Milbertshofen (SG Schwabing)"]
[WhiteTeamCountry "GER"]
[BlackTeamCountry "GER"]

1. e4 e5 2. Nf3 Nc6 3. Bb5 a6 4. Ba4 Nf6 5. 0-0 Be7 6. Bxc6 dxc6 7. Qe1 Nd7 8. b3 0-0 9. Bb2 f6 10. d4 Bd6 11. dxe5 fxe5 12. Nbd2 b5 13. Qe2 Qe7 14. Ne1 Nf6 15. Nd3 Bg4 16. f3 Bh5 17. Rfd1 Nd7 18. Nf1 Qg5 19. Qe3 Qe7 20. Qe2 Qg5 21. Qd2 Qe7 22. Ne3 Bg6 23. Kh1 Rad8 24. Qc3 c5 25. a4 c6 26. Ng4 b4 27. Qe1 Bc7 28. Qg3 Rde8 29. Rd2 Qe6 30. Rad1 Re7 31. Ne3 a5 32. Qg4 Qxg4 33. Nxg4 h5 34. Ne3 Rff7 35. Nc4 Bh7 36. h4 g5 37. hxg5 Rg7 38. Nf2 Kf8 39. Nh3 Ke8 40. Nd6+ Bxd6 41. Rxd6 Rg6 42. Rxg6 Bxg6 43. Rd6 Kf7 44. Rxc6 Re6 45. Rxe6 Kxe6 46. Nf2 c4 47. bxc4 Nb6 48. Nd3 Nxc4 49. g3 Kd6 50. Ba1 Be8 51. Kg1 Bxa4 52. g6 Ke7 53. Nxe5 Nxe5 54. Bxe5 Bxc2 55. Bd4 Ke6 56. Kf2 a4 57. Ke3 Kd6 58. Bg7 Ke7 59. Bd4 Kd6 60. Bb2 a3 61. Bc1 Ke6 62. Kd4 Kf6 63. Kc4 Kxg6 64. Kxb4 Bd1 65. f4 Bc2 66. e5 a2 67. Bb2 Kf5 1/2-1/2

[Event "Bundesliga 9495"]
[Site "Germany"]
[Date "1995.??.??"]
[Round "?.7"]
[White "Geisler, Fabian"]
[Black "Haubt, Georg"]
[Result "1/2-1/2"]
[WhiteElo "2310"]
[BlackElo "2275"]
[PlyCount "121"]
[EventDate "1994.10.08"]
[EventType "team-tourn"]
[EventRounds "15"]
[EventCountry "GER"]
[SourceTitle "GER-chT"]
[Source "ChessBase"]
[SourceDate "1999.07.01"]
[SourceVersion "1"]
[SourceVersionDate "1999.07.01"]
[SourceQuality "1"]
[WhiteTeam "Muenchen 36"]
[BlackTeam "Hofheim"]
[WhiteTeamCountry "GER"]
[BlackTeamCountry "GER"]

1. e4 e5 2. Nf3 Nf6 3. d4 Nxe4 4. Bd3 d5 5. Nxe5 Bd6 6. 0-0 0-0 7. Nd2 f5 8. Ndf3 Nc6 9. Nxc6 bxc6 10. c4 Qe8 11. c5 Be7 12. Bf4 Bd8 13. Re1 a5 14. Nd2 Bf6 15. Qa4 Qd7 16. Nb3 Ba6 17. Bxa6 Rxa6 18. f3 Ng5 19. Nc1 Ne6 20. Be5 Bxe5 21. Rxe5 Nf4 22. Qd1 Ng6 23. Re1 Raa8 24. Nd3 f4 25. Qd2 Qf5 26. Re2 Rfe8 27. Rae1 Rxe2 28. Qxe2 Kf7 29. Nf2 a4 30. Ng4 Rb8 31. Qa6 Qd7 32. Qe2 Re8 33. Qxe8+ Qxe8 34. Rxe8 Kxe8 35. Kf1 h5 36. Nf2 Nh4 37. Nd3 Nf5 38. Nxf4 Nxd4 39. Kf2 h4 40. Nd3 Ke7 41. Ke3 Ne6 42. a3 Kf6 43. g3 g5 44. Nb4 Nxc5 45. Nxc6 Nb3 46. f4 gxf4+ 47. Kxf4 hxg3 48. hxg3 Nd2 49. Nb4 Ke6 50. Nd3 Ne4 51. g4 c5 52. Nc1 Nf2 53. b3 axb3 54. Nxb3 Nd3+ 55. Ke3 c4 56. a4 Ke5 57. Nd4 Nb4 58. a5 c3 59. Nf3+ Kf6 60. Ne1 Kg5 61. Kd4 1/2-1/2

[Event "Bundesliga 9495"]
[Site "Germany"]
[Date "1995.??.??"]
[Round "?.6"]
[White "Geisler, Fabian"]
[Black "Zysk, Robert"]
[Result "0-1"]
[WhiteElo "2310"]
[BlackElo "2450"]
[PlyCount "90"]
[EventDate "1994.10.08"]
[EventType "team-tourn"]
[EventRounds "15"]
[EventCountry "GER"]
[SourceTitle "GER-chT"]
[Source "ChessBase"]
[SourceDate "1999.07.01"]
[SourceVersion "1"]
[SourceVersionDate "1999.07.01"]
[SourceQuality "1"]
[WhiteTeam "Muenchen 36"]
[BlackTeam "Solingen"]
[WhiteTeamCountry "GER"]
[BlackTeamCountry "GER"]

1. e4 g6 2. d4 d6 3. Nc3 c6 4. Be3 Bg7 5. f3 Nd7 6. Qd2 Ngf6 7. g4 e5 8. g5 Nh5 9. Nge2 0-0 10. d5 Nb6 11. Ng3 Nf4 12. h4 h5 13. gxh6 Bxh6 14. h5 Qg5 15. Rg1 Nd3+ 16. Bxd3 Qxe3+ 17. Qxe3 Bxe3 18. Rg2 g5 19. Nd1 Bf4 20. Ne2 Kh7 21. Kf2 Kh6 22. Ndc3 Bh3 23. Nxf4 gxf4 24. Rgg1 Rg8 25. a4 Nd7 26. Bc4 Nb6 27. Bb3 Rxg1 28. Rxg1 cxd5 29. a5 Nc4 30. Nb5 a6 31. Bxc4 dxc4 32. Nxd6 Be6 33. Nxb7 Rb8 34. Nc5 Rxb2 35. Rc1 Bc8 36. Na4 Rb5 37. Nb6 Be6 38. Ke2 Rxa5 39. Kd2 Ra3 40. c3 Ra2+ 41. Rc2 Rxc2+ 42. Kxc2 Kxh5 43. Na4 Kh4 44. Kd2 Kg3 45. Ke2 Kg2 0-1

[Event "Bundesliga 9394"]
[Site "Germany"]
[Date "1994.05.09"]
[Round "15.7"]
[White "Geisler, Fabian"]
[Black "Keitlinghaus, Ludger"]
[Result "1/2-1/2"]
[WhiteElo "2265"]
[BlackElo "2510"]
[PlyCount "63"]
[EventDate "1993.11.06"]
[EventType "team-tourn"]
[EventRounds "15"]
[EventCountry "GER"]
[SourceTitle "GER-chT"]
[Source "ChessBase"]
[SourceDate "1999.07.01"]
[SourceVersion "1"]
[SourceVersionDate "1999.07.01"]
[SourceQuality "1"]
[WhiteTeam "Muenchen 36"]
[BlackTeam "Stadthagen"]
[WhiteTeamCountry "GER"]
[BlackTeamCountry "GER"]

1. e4 e5 2. Nf3 Nc6 3. Bb5 Nf6 4. 0-0 Nxe4 5. d4 Be7 6. dxe5 d5 7. exd6 Nxd6 8. Bxc6+ bxc6 9. Ne5 Bb7 10. Qg4 0-0 11. Nc3 Qc8 12. Qxc8 Rfxc8 13. Na4 Nf5 14. Rd1 Rd8 15. Bf4 Rd4 16. Rxd4 Nxd4 17. Nd3 Nxc2 18. Rc1 Nd4 19. Re1 Ne6 20. Be3 Rd8 21. Ndc5 Nxc5 22. Nxc5 Bc8 23. h3 Kf8 24. Rc1 a5 25. Nb3 Rd5 26. Nd4 Bd6 27. Nxc6 Bd7 28. Nd4 a4 29. Ne2 Ke8 30. Nc3 Ra5 31. Bd4 f6 32. Ne4 1/2-1/2